Riadenie zlepšovateľského a racionalizačného hnutia v organizačnej štruktúre banky záverečná práca postgraduálneho štúdia

Gespeichert in:
Bibliographische Detailangaben
1. Verfasser: Mathes, Ján
Körperschaft: Vysoká škola ekonomická v Bratislave
Weitere Verfasser: Danko, Andrej
Format: Buch
Sprache:Slowakisch
Veröffentlicht: Bratislava 1987
Tags: Tag hinzufügen
Keine Tags, Fügen Sie das erste Tag hinzu!

MARC

LEADER 00000nam a2200000 4500
001 c040372
005 20221219095116.5
041 0 |a slo 
044 |a SK 
245 1 0 |a Riadenie zlepšovateľského a racionalizačného hnutia v organizačnej štruktúre banky  |b záverečná práca postgraduálneho štúdia  |c Ján Mathes ; Ved. práce Andrej Danko 
264 1 |a Bratislava  |c 1987 
300 |a 51 s. 
100 1 |a Mathes, Ján 
700 1 |a Danko, Andrej 
710 2 |a Vysoká škola ekonomická v Bratislave